Catalog

Record Details

Catalog Search



Vzpomínky 1909-1945 / Tilda Bašková

Bašková, Tilda, (Author).

Record details

  • ISBN: 80-902180-0-8 (brož.)
  • Physical Description: 95 s. : il., portréty ; 20 cm
  • Edition: 1. vyd.
  • Publisher: Praha : [s.n.], 1996

Content descriptions

General Note:
300 výt.

Available copies

  • 1 of 1 copy available at Common Catalog SPOK.

Holds

  • 0 current holds with 1 total copy.
Show Only Available Copies
Location Call Number / Copy Notes Barcode Shelving Location Status Due Date
Terezin Initiative Institute 4497 4594304497 Knihovna ITI Available -

LDR 01394nam a2200421 a 4500
00127060
003CZ-PrJAB
00520220902162709.0
008000119s1996 xr ac gr 000 0acze
015 . ‡acnb000785472
020 . ‡a80-902180-0-8 (brož.)
035 . ‡a(CONS)1878
035 . ‡a(CZ PrSKC)cpk20000785472
035 . ‡a(OCoLC)45372309
040 . ‡aABA001 ‡bcze
080 . ‡a929 ‡2MRF
080 . ‡a94(=411.16) ‡2MRF
080 . ‡a323.12 ‡2MRF
080 . ‡a(0:82-94) ‡2MRF
080 . ‡a(092) ‡2MRF
1001 . ‡aBašková, Tilda, ‡dnar. 1909 ‡7jn20000620009 ‡4aut
24510. ‡aVzpomínky 1909-1945 / ‡cTilda Bašková
250 . ‡a1. vyd.
260 . ‡aPraha : ‡b[s.n.], ‡c1996
300 . ‡a95 s. : ‡bil., portréty ; ‡c20 cm
500 . ‡a300 výt.
8524 . ‡bJACH-ITI ‡bJACH-ITI ‡cKnihovna ITI ‡j4497 ‡p4497 ‡y$0.00
910 . ‡aABE340 ‡b4497
995 . ‡askok
901 . ‡a27060 ‡bISxN ‡c27060 ‡tbiblio

Additional Resources